<?xml version="1.0" encoding="UTF-8"?>
<record
    xmlns:xsi="http://www.w3.org/2001/XMLSchema-instance"
    xsi:schemaLocation="http://www.loc.gov/MARC21/slim http://www.loc.gov/standards/marcxml/schema/MARC21slim.xsd"
    xmlns="http://www.loc.gov/MARC21/slim">

  <leader>02442ngm a22004457a 4500</leader>
  <controlfield tag="006">a|||||s|||||00| 0 </controlfield>
  <controlfield tag="007">tz</controlfield>
  <controlfield tag="008">110622s2005cau|||||s|||| 00| 0 eng d</controlfield>
  <datafield tag="020" ind1=" " ind2=" ">
    <subfield code="a">076781326X</subfield>
  </datafield>
  <datafield tag="024" ind1=" " ind2=" ">
    <subfield code="a">043396021372</subfield>
  </datafield>
  <datafield tag="082" ind1=" " ind2=" ">
    <subfield code="2">22</subfield>
    <subfield code="a">791.4372</subfield>
    <subfield code="b">OLI</subfield>
  </datafield>
  <datafield tag="245" ind1="0" ind2="0">
    <subfield code="a">Oliver</subfield>
    <subfield code="h">[videorecording] /</subfield>
    <subfield code="c">Columbia Pictures presents a Romulus Production; screenplay by Vernon Harris ; produced by John Wolf ; directed by Carol Reed</subfield>
  </datafield>
  <datafield tag="260" ind1=" " ind2=" ">
    <subfield code="a">Culver City, Calif. : </subfield>
    <subfield code="b">Columbia TriStar Home Video, 2005</subfield>
    <subfield code="c">2005</subfield>
  </datafield>
  <datafield tag="300" ind1=" " ind2=" ">
    <subfield code="a">1 videodisc (154 min.) :</subfield>
    <subfield code="b"> sd., col. ; </subfield>
    <subfield code="c">4 3/4 in.</subfield>
  </datafield>
  <datafield tag="500" ind1=" " ind2=" ">
    <subfield code="a">Originally produced as a motion picture in 1968.</subfield>
  </datafield>
  <datafield tag="500" ind1=" " ind2=" ">
    <subfield code="a">Based on the stage musical by Lionel Bart, which in turn was based on the book Oliver Twist by Charles Dickens.</subfield>
  </datafield>
  <datafield tag="500" ind1=" " ind2=" ">
    <subfield code="a">Based on the stage musical by Lionel Bart, which in turn was based on the book Oliver Twist by Charles Dickens.</subfield>
  </datafield>
  <datafield tag="508" ind1=" " ind2=" ">
    <subfield code="a">Music and lyrics by Lionel Bart ; director of photography, Oswald Morris ; editor, Ralph Kemplen.</subfield>
  </datafield>
  <datafield tag="511" ind1=" " ind2=" ">
    <subfield code="a">Ron Moody, Oliver Reed, Harry Secombe, Shani Wallis, Mark Lester, Jack Wild.</subfield>
  </datafield>
  <datafield tag="520" ind1=" " ind2=" ">
    <subfield code="a">A young orphan, Oliver is left to fend for himself until he is befriended by a band of young thieves who quickly train him in their craft. But Oliver is not content to be a thief for he knows that life holds great joys and true happiness cannot be stolen, but must be earned.</subfield>
  </datafield>
  <datafield tag="521" ind1=" " ind2=" ">
    <subfield code="a">Rated G</subfield>
  </datafield>
  <datafield tag="538" ind1=" " ind2=" ">
    <subfield code="a">DVD; Region 1, NTSC; Dolby digital 5.1.; widescreen format, preserving the 2.35:1 aspect ratio </subfield>
  </datafield>
  <datafield tag="546" ind1=" " ind2=" ">
    <subfield code="a">Dialogue in English with optional soundtrack in French, and optional subtitles in English and French. Closed captioned</subfield>
  </datafield>
  <datafield tag="586" ind1=" " ind2=" ">
    <subfield code="a">6 Academy Awards, Best Picture, Best Director, Best Score Adaptation, Best Art Direction, Best Sound, and Best Choreography (Honorary), 1968 </subfield>
  </datafield>
  <datafield tag="653" ind1=" " ind2=" ">
    <subfield code="c">June2011</subfield>
    <subfield code="c">June2011</subfield>
  </datafield>
  <datafield tag="655" ind1=" " ind2=" ">
    <subfield code="a">Musical films</subfield>
  </datafield>
  <datafield tag="655" ind1=" " ind2=" ">
    <subfield code="a">Feature films</subfield>
  </datafield>
  <datafield tag="700" ind1=" " ind2=" ">
    <subfield code="9">25748</subfield>
    <subfield code="a">Moody, Ron</subfield>
    <subfield code="e">act</subfield>
  </datafield>
  <datafield tag="700" ind1=" " ind2=" ">
    <subfield code="9">25749</subfield>
    <subfield code="a">Reed, Oliver</subfield>
    <subfield code="d">1938-1999</subfield>
    <subfield code="e">act</subfield>
  </datafield>
  <datafield tag="700" ind1=" " ind2=" ">
    <subfield code="9">25750</subfield>
    <subfield code="a">Secombe, Harry</subfield>
    <subfield code="e">act</subfield>
  </datafield>
  <datafield tag="700" ind1=" " ind2=" ">
    <subfield code="9">25751</subfield>
    <subfield code="a">Wallis, Shani</subfield>
    <subfield code="e">act</subfield>
  </datafield>
  <datafield tag="700" ind1=" " ind2=" ">
    <subfield code="9">25752</subfield>
    <subfield code="a">Lester, Mark</subfield>
    <subfield code="e">act</subfield>
  </datafield>
  <datafield tag="700" ind1=" " ind2=" ">
    <subfield code="9">25753</subfield>
    <subfield code="a">Wild, Jack</subfield>
    <subfield code="e">act</subfield>
  </datafield>
  <datafield tag="700" ind1=" " ind2=" ">
    <subfield code="9">25754</subfield>
    <subfield code="a">Bart, Lionel</subfield>
    <subfield code="e">cmp</subfield>
  </datafield>
  <datafield tag="700" ind1=" " ind2=" ">
    <subfield code="9">25755</subfield>
    <subfield code="a">Reed, Carol</subfield>
    <subfield code="d">1906-1976.</subfield>
    <subfield code="e">drt</subfield>
  </datafield>
  <datafield tag="700" ind1=" " ind2=" ">
    <subfield code="9">25756</subfield>
    <subfield code="a">Harris, Vernon</subfield>
    <subfield code="e">aus</subfield>
  </datafield>
  <datafield tag="700" ind1=" " ind2=" ">
    <subfield code="9">7486</subfield>
    <subfield code="a"> Dickens, Charles,</subfield>
    <subfield code="d">1812-1870.</subfield>
    <subfield code="t">Oliver Twist</subfield>
  </datafield>
  <datafield tag="710" ind1=" " ind2=" ">
    <subfield code="9">25048</subfield>
    <subfield code="a">Columbia Pictures Corporation</subfield>
  </datafield>
  <datafield tag="942" ind1=" " ind2=" ">
    <subfield code="2">ddc</subfield>
    <subfield code="c">CDVDMOV</subfield>
  </datafield>
  <datafield tag="999" ind1=" " ind2=" ">
    <subfield code="c">15648</subfield>
    <subfield code="d">15648</subfield>
  </datafield>
  <datafield tag="952" ind1=" " ind2=" ">
    <subfield code="0">0</subfield>
    <subfield code="1">0</subfield>
    <subfield code="2">ddc</subfield>
    <subfield code="4">0</subfield>
    <subfield code="7">0</subfield>
    <subfield code="8">Baccah</subfield>
    <subfield code="a">MAIN</subfield>
    <subfield code="b">MAIN</subfield>
    <subfield code="c">2ND</subfield>
    <subfield code="d">2011-06-22</subfield>
    <subfield code="e">purchase</subfield>
    <subfield code="g">149.00</subfield>
    <subfield code="h">12512</subfield>
    <subfield code="l">0</subfield>
    <subfield code="o">791.4372 OLI</subfield>
    <subfield code="p">000024273</subfield>
    <subfield code="r">2022-08-24 00:00:00</subfield>
    <subfield code="w">2011-06-22</subfield>
    <subfield code="y">CDVDN</subfield>
  </datafield>
</record>
